Super pendus - Animaux - Statistiques

Statistiques générales
  • Ce quiz a été pris 3 997 fois
  • Le résultat moyen est 38 sur 53
Statistiques - réponses
Réponses % Correct
A
95%
A
95%
A
95%
A
95%
A
95%
A
95%
A
95%
A
95%
A
95%
O
83%
O
83%
O
83%
O
83%
O
83%
O
83%
O
83%
O
83%
N
74%
N
74%
N
74%
N
74%
N
74%
L
73%
L
73%
U
72%
U
72%
U
72%
P
71%
P
71%
P
71%
R
70%
R
70%
R
70%
R
70%
C
68%
C
68%
C
68%
C
68%
S
63%
M
60%
M
60%
M
60%
T
60%
T
60%
T
60%
H
58%
H
58%
B
51%
B
51%
F
48%
Y
42%
V
33%
W
24%
Aucun quiz correspondant
Distribution des résultats
% des personnes avec chaque résultat
Percentile par nombre de réponses
Votre historique - résultats
Vous n’avez pas pris ce quiz